00805nam a2200241Ia 450000500170000000800410001702000150005824500660007325000190013930000440015850000460020265000470024865000360029565000090033170000240034070000310036426400310039533600270042633700330045333800280048604000350051408400140054920220317000625.0160601s2003 sp a g 000 0 spa  a844942435610aDiccionario de literatura universal cdirector Carlos Gispert a1a. edición  a1152 páginas bilustraciones eCD-ROM aIncluye índice cronológico de autores142LEMBaLiteratura universal vDiccionarios 142LEMBaLiteratos vDiccionarios 142LEMB aBernal, Assumpció aGispert, Carlosedirector  aBarcelona bOcéanoc2003 atextobtxt2rdacontent asin mediaciónbn2rdamedia avolumenbnc2rdacarrier aCO-BoRNBPbspaerdacCO-BoRNBP aR 803 D31